Top 20 Metro Boomin Song - Statistics

General Stats
  • This quiz has been taken 10 times
  • The average score is 6 of 20
Answer Stats
# Album Score Song % Correct
9 Heroes & Villains 88 Superhero
71%
3 Savage Mode II 90 Glock In My Lap
57%
1 WE DON'T TRUST YOU 93 Like That
57%
4 Without Warning 90 Ric Flair Drip
57%
5 Without Warning 89 Ghostface Killers
43%
13 NOT ALL HEROES WEAR CAPES 86 Overdue
43%
16 Without Warning 84 Rap Saved Me
43%
10 NOT ALL HEROES WEAR CAPES 87 Space Cadet
43%
14 METRO BOOMIN PRESENTS SPIDER-MAN:
ACROSS THE SPIDER-VERSE
85 Am I Dreaming
29%
19 WE DON'T TRUST YOU 83 Cinderella
29%
11 Heroes & Villains 86 Creepin
29%
6 Heroes & Villains 88 Feel The Fiyaaaah
29%
12 Savage Mode II 86 Rich Nigga Shit
29%
2 Savage Mode II 91 Runnin
29%
20 WE DON'T TRUST YOU 83 Everyday Hustle
14%
8 Savage Mode II 88 Many Men
14%
18 Heroes & Villains 83 Metro Spider
14%
17 WE STILL DON'T TRUST YOU 84 Show of Hands
14%
15 NOT ALL HEROES WEAR CAPES 84 10 Freaky Girls
0%
7 Heroes & Villains 88 To Many Nights
0%
No matching quizzes found
Score Distribution
Percent of People with Each Score
Percentile by Number Answered
Your Score History
You have not taken this quiz